000 00863npm a2200241 i 4500
001 5247
003 ES-MaACL
005 20230909114540.0
007 hzrazu bucu
008 900426r19901653sp a 00010 spa d
080 _a9(464.5)"--/1653"
080 _a92(464.5)"--/1653"
080 _a27(464.5)"--/1653"
100 1 _aNúñez de Castro, Alonso.
_986183
245 1 0 _aHistoria eclesiastica y seglar de la muy noble y muy leal ciudad de Guadalaxara...
_b: [Microforma] /
_cpor Alonso Nuñez de Castro.
260 _aMadrid :
_bAteneo Cientifico, Literario y Artistico,
_c1990.
300 _a1 carrete de microfilme :
_bnegativo ;
_c16 mm.
500 _aPublicado originalmente: Madrid, Pablo de Val, 1653.
650 1 4 _aObras anteriores a 1800.
_915661
852 _aES-MaACL
_jMC-381
_95364
942 _2udc
_cMICROFORMA
999 _c5247
_d5247